[Event "XII Americas Continental-ch 2017"]
[Site "Medellin"]
[Date "2017.06.17"]
[Round "10"]
[White "Ynojosa Aponte, Felix Jose"]
[Black "Peralta, Fernando"]
[Result "1/2-1/2"]
[WhiteElo "2395"]
[BlackElo "2569"]
[Annotator "TA"]
[PlyCount "87"]
[EventDate "2017.??.??"]
[EventType "swiss"]
[EventCountry "COL"]
[SourceTitle "playchess.com"]
[Source "ChessBase"]
[SourceQuality "1"]

{[%evp 14,87,35,30,38,-8,12,-35,-42,-33,-43,-34,-32,-44,-39,-42,-44,-56,10,11,15,14,14,-5,-14,-78,-77,-87,-87,-87,-87,-87,-87,-87,-87,-87,-87,-81,-82,-83,-70,-84,-51,-59,-52,-54,0,-10,-6,-13,0,-8,0,-59,-53,-47,0,0,0,0,0,0,0,0,0,0,0,0,0,0,0,0,0,0,0,-12842]} 1. c4 Nf6 2. Nc3 e6 3. e4 d5 4. e5 d4 5. exf6 dxc3 6. bxc3 Qxf6 7. d4 {[%cal Bd2d4,Bd4d5][%mdl 32]} e5 8. Nf3 Nc6 {A18: English Opening: Flohr-Mikenas System (1 c4 Nf6 2 Nc3 e6 3 e4)} 9. d5 {[#] Hoping for Bg5.} (9. dxe5 {is more complex.} Qg6 10. Be2 Bg4 11. O-O Rd8 12. Nd4) 9... e4 $146 ({Predecessor:} 9... Nb8 10. Bg5 Qd6 11. Bd3 Nd7 12. O-O f6 13. Be3 Nc5 14. Bxc5 Qxc5 15. Nd2 Qe7 16. Re1 {½-½ (68) Potkin,V (2621)-Karjakin,S (2771) Dubai 2014}) 10. dxc6 (10. Ng5 {with more complications.} Qxc3+ 11. Bd2 Qd4 12. Be2 h6 13. Nxf7 Kxf7 14. dxc6 bxc6 15. O-O) 10... exf3 {Black is slightly better.} 11. Qxf3 Qxf3 12. gxf3 bxc6 13. Be3 c5 14. Bd3 f5 15. Rb1 a6 (15... Bd7 $15) 16. Bf4 $11 Bd6 17. Bxd6 cxd6 18. Rb6 Kd7 19. Bxf5+ (19. Kd2 $11 {remains equal.}) 19... Kc7 $17 20. Be4 Kxb6 21. Bxa8 {[%mdl 4096] Endgame KRB-KRB} Be6 22. Bd5 Bxd5 23. cxd5 {[#] KR-KR} Kb5 $1 24. Rg1 Kc4 25. Kd2 g6 26. Rg4+ Kxd5 27. c4+ Ke6 28. Re4+ Kd7 29. Rf4 Ke6 30. Re4+ Kf6 31. Rf4+ $1 Ke7 32. Re4+ Kd7 (32... Kf7 $11) 33. Rf4 $1 $15 Rb8 34. Rf7+ Ke6 35. Rxh7 {The position is equal.} Rb2+ 36. Ke3 Rxa2 37. Rg7 Kf6 38. Rd7 $1 Ke6 39. Rg7 Kf6 40. Rd7 $1 Ke5 41. f4+ Ke6 42. Rg7 Kf6 43. Rd7 Ke6 44. Ke4 $2 {[%mdl 40960] Precision: White = 60%, Black = 70%. . An unexpected result.} (44. Rg7 $11) 1/2-1/2

[Event "XII Americas Continental-ch 2017"]
[Site "Medellin"]
[Date "2017.06.17"]
[Round "10"]
[White "Sanchez, Sebastian Felipe"]
[Black "Kaidanov, Gregory S"]
[Result "0-1"]
[WhiteElo "2388"]
[BlackElo "2550"]
[Annotator "TA"]
[PlyCount "132"]
[EventDate "2017.??.??"]
[EventType "swiss"]
[EventCountry "COL"]
[SourceTitle "playchess.com"]
[Source "ChessBase"]
[SourceQuality "1"]

{[%evp 15,132,-11,0,0,0,0,0,0,2,0,0,0,0,0,-7,-13,0,0,0,0,19,6,6,2,21,0,0,-6,0,0,0,0,0,0,0,0,0,0,0,0,0,0,0,0,0,0,0,0,0,0,0,0,0,0,0,0,0,0,0,0,-10,-8,0,0,0,-41,0,0,0,0,0,0,0,0,0,0,0,-34,0,0,0,0,0,0,0,0,0,0,0,0,0,0,0,-12829,-8823,-12845,-12843,-12845,-12842,-12842,-12843,-12843,-12843,-12844,-12843,-12844,-12844,-12845,-12845,-12846,-12846,-12846,-12847,-12847,-12847,-12848,-12848,-12849,-12848]} 1. c4 e6 2. Nf3 d5 3. g3 Nf6 4. Bg2 dxc4 5. Qa4+ Nbd7 6. Qxc4 a6 7. Qc2 c5 8. O-O b6 9. b3 {A13: English Opening: 1...e6} Bb7 10. Bb2 Be7 11. d3 {The position is equal.} O-O 12. Nbd2 Rc8 13. Rac1 b5 14. Qb1 Qb6 15. Qa1 Rfd8 {[#]} 16. a3 $146 Ne8 17. Rc2 Nf8 18. Rfc1 f6 19. d4 Rc7 20. e3 Rdc8 21. dxc5 Bxc5 22. Bd4 Nd7 {[%cal Bf8d7,Bd7c5,Bc5e4][%mdl 32]} 23. Bxc5 Nxc5 24. b4 Ne4 25. Qd4 Qxd4 26. Nxd4 Rxc2 27. Rxc2 Rxc2 28. Nxc2 N8d6 29. Nxe4 Bxe4 30. Bxe4 Nxe4 $11 {[%mdl 4096] Endgame KN-KN} 31. Nd4 Kf7 32. Nc6 Nd2 33. Nb8 Nc4 34. Nxa6 Nxa3 35. Kf1 Ke7 36. Ke2 Kd6 37. Kd3 Nc4 38. f4 f5 39. Nc5 Kd5 40. h3 e5 41. e4+ fxe4+ 42. Nxe4 Nb2+ 43. Ke3 exf4+ 44. gxf4 Kc4 45. f5 Kxb4 {aiming for ...Kb3.} 46. h4 Ka3 47. Kd4 b4 {Strongly threatening ...Kb3.} 48. h5 h6 49. f6 gxf6 50. Nxf6 Na4 (50... b3 $5 51. Ne4 $8 Nd1 $11) 51. Ne4 Nb6 {Hoping for ...b3.} (51... b3 $5 52. Nd2 $8 b2 53. Nc4+ Kb3 $11) 52. Kc5 Nc8 {...Ne7 is the strong threat.} 53. Kd5 Kb3 {And now ...Nb6+ would win.} 54. Kc5 $2 {[%mdl 8192] [#]} (54. Ke6 $11) 54... Ne7 $1 $19 {[%cal Re7f5] Black is clearly winning.} 55. Kb5 Ka3 56. Kc4 b3 {[%cal Bb4b3,Bb3b2][%mdl 32]} 57. Nd2 b2 58. Kd4 Ka2 59. Ke5 Nc6+ 60. Kd5 Na5 61. Ne4 Kb3 62. Kd4 Kc2 63. Nc3 Nb3+ 64. Kc4 Nd2+ 65. Kd4 {[#]} Ne4 $1 {[%mdl 512]} 66. Nb5 (66. Nxe4 b1=Q) 66... Kb3 {Precision: White = 76%, Black = 72%.} 0-1

[Event "XII Americas Continental-ch 2017"]
[Site "Medellin"]
[Date "2017.06.17"]
[Round "10"]
[White "Umetsubo, Cesar Hidemitsu"]
[Black "Cruz, Cristhian"]
[Result "1-0"]
[WhiteElo "2381"]
[BlackElo "2558"]
[Annotator "TA"]
[PlyCount "119"]
[EventDate "2017.??.??"]
[EventType "swiss"]
[EventCountry "COL"]
[SourceTitle "playchess.com"]
[Source "ChessBase"]
[SourceQuality "1"]

{[%evp 14,119,0,0,0,0,0,-17,-22,-15,-4,-4,-7,0,0,0,0,-10,0,-9,0,0,12,0,0,0,0,9,24,12,26,26,27,23,39,38,80,80,80,75,76,87,73,41,69,47,85,65,78,72,93,86,114,28,44,18,16,20,18,18,93,96,54,81,159,127,168,158,139,0,23,0,0,0,0,0,0,0,336,416,415,392,366,391,370,368,306,250,518,431,758,758,12841,12842,12845,12845,12847,12847,12847,12847,12848,12847,12847,12847,12848,12848,12850,12850]} 1. d4 Nf6 2. c4 e6 3. Nc3 Bb4 4. a3 Bxc3+ 5. bxc3 b6 6. f3 Ba6 7. e4 Nc6 8. Bg5 h6 {E24: Nimzo-Indian: Sämisch: Unusual Black 5th moves and 5...c5 sidelines} 9. Bh4 $1 Na5 (9... g5 10. Bf2 Qe7 11. h4 O-O-O 12. d5 Na5 13. c5 Bxf1 14. d6 cxd6 15. cxd6 Qf8 16. Kxf1 {½-½ (37) Carlsen,M (2690)-Leko,P (2749) Monte Carlo 2007}) 10. Qa4 (10. e5 $5 {[%cal Re5f6]} g5 11. Bf2 $14) 10... Qc8 {The position is equal.} 11. Nh3 {[%cal Bg1h3,Bh3f2,Bf2g4][%mdl 32]} Qb7 {With the idea ...Nxe4!} 12. Nf2 Qc6 13. Qxc6 dxc6 14. Bxf6 gxf6 15. Ng4 $1 {[#]} Bxc4 $146 ({Predecessor:} 15... Ke7 16. Ne3 {1-0 (79) Volkov,S (2628)-Ovetchkin,R (2543) playchess.com INT 2006}) 16. Nxf6+ Ke7 17. Ng4 Rad8 18. Ne3 Bb3 19. g4 Rd6 20. h4 Rhd8 (20... c5 $5 {[%cal Rc5d4]}) 21. g5 c5 22. d5 Rh8 23. f4 hxg5 24. fxg5 c6 {[%cal Rc6d5]} 25. e5 Rxd5 26. Nxd5+ cxd5 27. Kf2 Bc2 28. Kg3 Nb3 29. Ra2 Bg6 30. Be2 c4 31. h5 Be4 32. Bf3 Nc5 33. Re2 (33. Bxe4 $1 $16 Nxe4+ 34. Kf4) 33... Bf5 $11 34. Re3 Rg8 35. Kh4 $1 Rd8 36. h6 d4 (36... b5 $11 {remains equal.}) 37. cxd4 $16 Rxd4+ 38. Kg3 Bh7 ({Black should play} 38... Rd8) 39. Rh4 Rxh4 40. Kxh4 {[%mdl 4096] Endgame KRB-KBN} b5 41. Bc6 (41. Be2 $16) 41... a6 $11 42. Kg3 Kf8 $1 43. Kf2 Bd3 $1 44. Rh3 {h7 is the strong threat.} Kg8 {White must now prevent ...c3.} 45. Be8 $1 Kh7 $2 {[%mdl 8192]} (45... c3 $11 46. Bxf7+ Kxf7) 46. Bxf7 $18 {aiming for g6+!} Ne4+ {[#]} 47. Ke3 $1 {White wants to mate with g6+.} Nxg5 {[#]} 48. Bg8+ $1 {[%mdl 512]} Kxg8 49. Rg3 Kh7 50. Rxg5 Kxh6 $2 {KR-KB} (50... Bg6 51. Rg3 c3) 51. Rg8 {White is clearly winning.} a5 (51... Bg6 $142 52. Ra8 Kg5 53. Rxa6 Kf5) 52. Rb8 b4 53. axb4 axb4 54. Rxb4 Kg5 55. Rb8 Kf5 56. Kd4 Kf4 57. Rf8+ Bf5 58. Rc8 Bd3 59. Rc7 Kf3 60. Rc6 {Precision: White = 69%, Black = 50%.} 1-0

[Event "XII Americas Continental-ch 2017"]
[Site "Medellin"]
[Date "2017.06.17"]
[Round "10"]
[White "Valenzuela Gomez, Fernando"]
[Black "Cuartas, Jaime Alexander"]
[Result "0-1"]
[WhiteElo "2377"]
[BlackElo "2492"]
[Annotator "TA"]
[PlyCount "82"]
[EventDate "2017.??.??"]
[EventType "swiss"]
[EventCountry "COL"]
[SourceTitle "playchess.com"]
[Source "ChessBase"]
[SourceQuality "1"]

{[%evp 19,81,79,72,72,63,60,63,60,45,43,39,62,90,56,86,115,96,0,43,27,23,0,0,-33,-31,-33,-16,-71,-48,-59,-73,-62,-56,-78,-50,-74,-77,-81,-67,-88,-93,-82,-89,-124,-126,-131,-138,-180,-170,-180,-152,-228,-198,-213,-199,-814,-854,-1721,-1718,-29985,-29986,-29992,-29993,-29999]} 1. d4 d5 2. c4 e5 3. dxe5 d4 4. Nf3 Nc6 5. a3 Nge7 6. b4 {[%cal Bb2b4,Bb4b5][%mdl 32] D08: Albin Counter Gambit} Ng6 7. Bb2 a5 8. b5 Ncxe5 9. Nxe5 Nxe5 10. e3 (10. Qxd4 Qxd4 11. Bxd4 Nxc4 12. e3 Be6 13. Be2 {0-1 (30) Wojtaszek,R (2749)-Morozevich,A (2676) Doha 2016}) 10... Be6 {LiveBook: 25 Games} 11. Bxd4 Nxc4 12. Qc2 Nd6 13. Bd3 {[#]} Qg5 $146 14. f4 Qh4+ 15. g3 Qh5 16. Nc3 Rd8 17. O-O {[#] And now f5 would win.} Nf5 18. Ne2 (18. Bxf5 $16 Qxf5 19. e4) 18... Nxd4 19. Nxd4 Qc5 20. Qb2 (20. Rfc1 $5 {[%cal Rc2c5]} Qxc2 21. Rxc2 $14) 20... Qb6 21. Be4 Bc5 {[%cal Rd8d4] [#] Threatens to win with ...Rxd4.} 22. Rad1 O-O (22... Bg4 $5 {[%cal Rg4d1]} 23. Rd2 O-O $15) 23. a4 (23. Nxe6 $11 Qxe6 24. Qc2) 23... Bc8 24. Nf5 Bxf5 25. Bxf5 Bxe3+ 26. Kh1 c5 27. Qc2 g6 28. Be4 Qc7 29. f5 {[%cal Rf5g6]} Bd4 30. fxg6 hxg6 {[%cal Bh7g6,Bg6g5][%mdl 32]} 31. Qc4 Kg7 32. Bd5 Qd7 33. Bg2 Rh8 {( -> ...Rxh2+!)} 34. h4 g5 35. Rd3 (35. Qc2 $17) 35... f6 36. Qc1 {If White can now play Rxf6! this consolidates a bit.} Qg4 $40 {[%mdl 128] Black wants a kill.} 37. Rff3 $2 (37. Qd1 Qxd1 38. Rfxd1) 37... gxh4 $19 38. gxh4 Rxh4+ 39. Rh3 Rdh8 {Black mates.} 40. Qa3 Rxh3+ 41. Bxh3 Qg1# {Precision: White = 30%, Black = 82%.} 0-1

[Event "XII Americas Continental-ch 2017"]
[Site "Medellin"]
[Date "2017.06.17"]
[Round "10"]
[White "Lopez Gonzalez, Abel Fabian"]
[Black "Vera Siguenas, Deivy"]
[Result "0-1"]
[WhiteElo "2351"]
[BlackElo "2526"]
[Annotator "TA"]
[PlyCount "68"]
[EventDate "2017.??.??"]
[EventType "swiss"]
[EventCountry "COL"]
[SourceTitle "playchess.com"]
[Source "ChessBase"]
[SourceQuality "1"]

{[%evp 15,68,62,66,-1,37,37,50,2,0,2,3,0,0,-69,-71,-70,0,0,0,0,0,0,0,-87,-8,-32,-6,-11,-13,-22,42,-46,-47,-46,-45,-310,-302,-302,-296,-695,-695,-679,-683,-676,-657,-627,-492,-981,-963,-6539,-6459,-5594,-5562,-29995,-29996]} 1. e4 c6 2. d4 d5 3. exd5 cxd5 4. c4 Nf6 5. Nc3 Nc6 6. Bg5 Be6 7. a3 h6 {B13: Caro-Kann: Exchange Variation and Panov-Botvinnik Attack} (7... Qd7 8. Be2 Rd8 9. Bxf6 exf6 10. c5 g6 11. b4 a6 12. b5 axb5 13. Nxb5 Be7 14. Nf3 O-O 15. O-O Ra8 16. Rb1 Rfe8 17. Qd2 {½-½ (17) Amin,B (2654)-Dreev,A (2664) Helsingor 2016}) 8. Bxf6 exf6 {LiveBook: 4 Games} 9. c5 (9. cxd5 $14 Bxd5 10. Qe2+ Ne7 11. Nf3) 9... f5 $146 {The position is equal.} ({Predecessor:} 9... Be7 10. Bb5 O-O 11. Nge2 Qc7 12. O-O f5 13. f4 Rad8 14. b4 Nb8 15. Qd2 {1-0 (82) Kosten,A (2497)-Franca,R (2304) France 2009}) 10. Bb5 g5 11. Nge2 (11. f4 $5) 11... f4 12. Qd3 Bg7 13. Ba4 (13. h4 $5) 13... Qf6 14. Nb5 (14. Rd1 $11) 14... O-O $1 $15 15. Bc2 {[%csl Gc2][%cal Rd3h7]} Rfd8 ({Of course not} 15... Qg6 $6 16. Qxg6 fxg6 17. Nc7 $11) (15... Rfe8 $1 $15 16. O-O-O Bf5 17. Qxf5 Qxf5 18. Bxf5 Rxe2) 16. Rd1 $11 Ne7 17. Nd6 $36 {[%mdl 2048] Black is under pressure.} Rxd6 18. cxd6 Nf5 19. h4 (19. O-O $11) 19... Nxd6 ({Black should play} 19... Nxh4 $17 {Strongly threatening ...Bf5.} 20. Kf1 Bg4) 20. hxg5 hxg5 21. Qf3 Re8 22. Kf1 Bd7 (22... Nc4 $11) 23. a4 ({Don't go for} 23. Qxd5 $2 Bc6 $19) ({Better is} 23. Nc3 $14) 23... Ne4 $15 24. g3 {[%cal Rg3f4]} Qc6 25. Bb3 $2 {[%mdl 8192] [#]} (25. Nc3 $1 $15) 25... Qc8 $1 $19 {And now ...Bg4 would win.} 26. Bxd5 Bg4 27. Qd3 $2 (27. Qxe4 Rxe4 28. Bxe4) 27... Bxe2+ 28. Qxe2 {[#]} Nxg3+ $1 {[%mdl 512]} 29. fxg3 Rxe2 30. Kxe2 Qg4+ 31. Bf3 (31. Kd3 $142 Qd7 32. Kc4) 31... Qe6+ 32. Kf2 Qe3+ 33. Kg2 g4 34. Bxb7 f3+ {Precision: White = 34%, Black = 63%.} 0-1

[Event "XII Americas Continental-ch 2017"]
[Site "Medellin"]
[Date "2017.06.17"]
[Round "10"]
[White "Rios Parra, Alejandro"]
[Black "Tang, Andrew"]
[Result "1/2-1/2"]
[WhiteElo "2345"]
[BlackElo "2461"]
[Annotator "TA"]
[PlyCount "162"]
[EventDate "2017.??.??"]
[EventType "swiss"]
[EventCountry "COL"]
[SourceTitle "playchess.com"]
[Source "ChessBase"]
[SourceQuality "1"]

{[%evp 12,162,47,36,41,37,56,34,30,-17,23,25,15,22,21,12,37,0,0,0,0,0,18,2,14,-1,0,-3,31,12,22,20,30,39,40,31,31,24,42,0,10,0,8,0,15,-8,0,-18,-13,-14,0,0,0,0,0,0,0,0,0,0,0,0,0,0,0,0,0,0,0,0,0,0,0,-18,0,0,0,0,0,0,0,0,0,0,0,0,0,0,0,0,0,0,0,-9,-9,-9,-9,-9,-9,-19,-19,-19,-9,-9,-9,-9,-9,-9,-5,-9,-9,-9,-9,-9,0,0,0,-9,0,-9,-5,-5,-5,-5,-5,-5,-5,-5,-5,-9,-9,-9,-5,-9,0,-9,0,0,0,0,0,0,0,0,0,0,0,0,0,0,0,0,0]} 1. e4 e5 2. Nf3 Nc6 3. Bb5 {[%cal Bf1b5,Bb5a4,Ba4b3][%mdl 32]} a6 4. Ba4 d6 5. c3 Bd7 6. d4 Nf6 7. Nbd2 g6 {C75: Ruy Lopez: Deferred Steinitz: 5 c3 Bd7 6 d4 without ...g6} 8. O-O b5 9. Bb3 {[#] Ng5 is the strong threat.} (9. Bc2 Bg7 10. dxe5 dxe5 11. Nb3 O-O 12. Be3 Qc8 13. Nc5 Rd8 14. Qe2 Be8 15. a4 Nh5 16. Bd3 bxa4 17. Bxa6 Qb8 18. Bb5 a3 19. Na6 axb2 20. Qxb2 {½-½ (20) Tari,A (2596)-Motylev,A (2663) Moscow 2017}) 9... Bg7 {White is slightly better.} 10. Qe2 $146 ({Predecessor:} 10. dxe5 dxe5 11. Re1 Qe7 12. Nf1 Na5 13. Bc2 Rd8 14. Bg5 h6 15. Bh4 {1-0 (47) Todorovic,J (2417)-Batricevic,S (2267) Niksic 2014}) 10... O-O (10... exd4 {keeps more tension.} 11. cxd4 O-O 12. h3 Re8 13. Qd1 a5) 11. dxe5 Nxe5 12. Nxe5 dxe5 13. Rd1 c5 14. Nf1 {[%cal Bd2f1,Bf1e3,Be3d5][%mdl 32]} c4 15. Bc2 Qc7 16. Bg5 Bc6 (16... Bg4 $5 {[%cal Rg4e2]} 17. f3 Be6 $11) 17. a4 h6 18. Bxf6 Bxf6 19. Ne3 Qb7 20. Nd5 Bg7 (20... Be7 $5) 21. b3 cxb3 22. Bxb3 Rfd8 23. axb5 axb5 24. g3 Kh8 25. c4 bxc4 {The position is equal.} 26. Qxc4 Rac8 {[#] Hoping for ...Bxd5.} 27. Qd3 f5 28. f3 Rf8 {[%cal Bd8f8,Bf8f7,Bf7b7][%mdl 32]} 29. Ra2 fxe4 30. fxe4 Rf7 31. Bc4 Rcf8 32. Qb3 Qxb3 33. Bxb3 Rb7 34. Bc4 Bd7 35. Rda1 Kh7 36. Ra7 Rfb8 37. Rxb7 Rxb7 38. h4 h5 39. Ra2 Kh6 40. Rf2 Be6 41. Kg2 Ra7 42. Ra2 (42. Ne3 $5 {[%cal Rc4e6]} Bc8 43. Bd5 $11) 42... Rb7 43. Rf2 Rb8 44. Rc2 Bd7 45. Ne3 Bf8 46. Bd5 Bd6 47. Bf7 Ba4 48. Ra2 Bb5 49. Bc4 Be8 50. Bd5 Bc5 51. Nc4 Bd4 52. Ra8 (52. Ra6 {is interesting.} Bd7 53. Rf6 Bg4 54. Nd6 Rb2+ 55. Kh1) 52... Rxa8 53. Bxa8 $11 {[%mdl 4096] Endgame KBB-KBN} Ba4 54. Bd5 Kg7 55. Nd2 Kf6 56. Nf3 Bc3 57. Ng5 Bc2 58. Nh7+ Ke7 59. Ng5 Bb2 60. Nh7 Bc1 61. Ng5 Bb1 62. Nh7 Kd6 63. Kf3 Ke7 64. Ng5 Bc2 65. Kf2 Bd1 66. Nh7 Bg4 67. Ng5 Bb2 68. Bf7 Bd4+ 69. Kg2 Kf6 {Threatens to win with ...Be3.} 70. Bd5 Be3 71. Nh7+ Ke7 72. Ng5 Bc1 73. Nh7 Bh6 74. Ng5 Bd1 75. Kf2 Ba4 76. Kf3 Be8 77. Kf2 Bg7 78. Kf3 Bf6 79. Nh7 Bg7 80. Ng5 Bf6 81. Nh7 Bg7 {Precision: White = 63%, Black = 52%.} 1/2-1/2

[Event "XII Americas Continental-ch 2017"]
[Site "Medellin"]
[Date "2017.06.18"]
[Round "11"]
[White "Iturrizaga Bonelli, Eduardo"]
[Black "Fier, Alexandr"]
[Result "1/2-1/2"]
[WhiteElo "2663"]
[BlackElo "2576"]
[Annotator "TA"]
[PlyCount "39"]
[EventDate "2017.??.??"]
[EventType "swiss"]
[EventCountry "COL"]
[SourceTitle "playchess.com"]
[Source "ChessBase"]
[SourceQuality "1"]

{[%evp 10,39,10,12,0,0,0,-2,27,21,31,21,29,22,37,26,27,26,35,31,31,26,54,42,54,43,65,60,64,44,41,23]} 1. c4 Nf6 2. g3 c5 3. Bg2 g6 4. Nc3 Bg7 5. Nh3 Nc6 6. Nf4 {LiveBook: 6 Games. A36: Symmetrical English vs ...g6: 4 Bg2 Bg7} a6 $146 ({Predecessor:} 6... O-O 7. O-O d6 8. b3 Rb8 9. Bb2 a6 {½-½ (9) Akopian,V (2654)-Minasian,A (2554) Ohrid 2001}) 7. e3 d6 8. d4 {The position is equal.} Nd7 {[%cal Rc5d4]} 9. Nfe2 O-O 10. O-O Rb8 11. b3 Na5 12. a4 e6 13. Rb1 b6 14. Qc2 Qe7 15. Rd1 Bb7 16. d5 {White is slightly better.} e5 17. e4 {[%cal Be3e4,Be4f5][%mdl 32]} Rbe8 18. Re1 Bc8 19. Nd1 f5 20. exf5 {Precision: White = 77%, Black = 60%.} 1/2-1/2

[Event "XII Americas Continental-ch 2017"]
[Site "Medellin"]
[Date "2017.06.18"]
[Round "11"]
[White "Cordova, Emilio"]
[Black "Flores, Diego"]
[Result "1/2-1/2"]
[WhiteElo "2651"]
[BlackElo "2567"]
[Annotator "TA"]
[PlyCount "174"]
[EventDate "2017.??.??"]
[EventType "swiss"]
[EventCountry "COL"]
[SourceTitle "playchess.com"]
[Source "ChessBase"]
[SourceQuality "1"]

{[%evp 11,174,-37,20,14,12,10,0,0,0,0,39,22,47,41,50,43,60,23,43,41,67,6,78,74,78,77,67,61,69,66,77,59,64,62,59,48,70,62,98,93,87,63,79,89,80,45,41,49,55,42,41,43,70,70,76,68,74,57,48,36,72,52,75,78,100,99,148,114,102,47,47,39,63,75,89,90,90,69,89,88,90,93,91,67,64,64,250,229,331,316,466,441,424,443,551,539,521,368,424,452,385,-25,-25,-322,-258,-903,-880,-820,-822,-1150,-1136,-996,-872,-776,-337,-199,0,0,0,0,0,0,0,0,0,0,0,0,0,0,0,0,0,0,-3,-3,-10,-21,-21,-29,-28,-110,-118,-125,-127,-173,0,0,0,0,0,0,0,0,0,0,0,0,0,0,0,0,0,0,0]} 1. Nf3 c5 2. c4 g6 3. d4 cxd4 4. Nxd4 Nc6 5. g3 Bg7 6. Nb3 {A30: Symmetrical English: Double Fianchetto and Hedgehog} (6. e3 d5 7. Nb5 a6 8. cxd5 axb5 9. dxc6 Qxd1+ 10. Kxd1 bxc6 11. Bg2 Bb7 12. Kc2 Nf6 13. Bd2 Nd5 {½-½ (41) Ponkratov,P (2589)-Alekseev,E (2636) Sochi 2016}) 6... a5 {LiveBook: 6 Games} (6... d6 $15) 7. Nc5 $11 d6 8. Na4 Be6 9. Na3 Nf6 10. Bg2 O-O $146 ({Predecessor:} 10... Nd7 11. Be3 O-O 12. O-O Rb8 13. Rc1 Nb4 {0-1 (59) Bykov,O (2332)-Esenov,A (2302) Moscow 2017}) 11. O-O Rc8 12. Be3 Nd7 13. Qd2 b6 14. Rac1 Nc5 15. Nc3 Nb4 16. b3 (16. Bh6 $14) 16... Bd7 (16... Bxc3 $1 $11 17. Rxc3 Qd7) 17. Nab5 $16 Bc6 18. Bxc6 Nxc6 19. Nd5 Rb8 20. Rfd1 Rb7 21. Bh6 Bxh6 22. Qxh6 Rd7 23. Qh4 (23. Ndc3 {with more complications.} Ne5 24. f3 e6 25. Rd2 Qe7 26. Kg2) 23... f5 24. Rb1 Ne4 25. f3 Nf6 26. Nf4 {Strongly threatening Ne6.} Qc8 27. Ne6 Rf7 28. a3 Nd8 29. Nf4 Kg7 30. b4 axb4 31. axb4 h6 {Hoping for ...g5.} 32. Nd5 Rb7 33. Qd4 $36 {[%mdl 2048] Black is under pressure.} Nc6 34. Qc3 ({Not} 34. Nxb6 $2 Qb8 $19) 34... Ne5 35. Rbc1 Kh7 36. Qd4 Nc6 37. Qe3 Qd8 38. Ra1 Rb8 39. Qc3 Rc8 40. Na7 ({White should play} 40. Qb3 $16) 40... Nxd5 $14 41. Rxd5 Nxa7 42. Rxa7 Rc7 43. Rxc7 Qxc7 $16 {[%mdl 4096] Endgame KQR-KQR} 44. Rb5 Rf8 45. Qe3 Qxc4 46. Rxb6 Qc7 47. b5 Qa7 48. Kf2 g5 $2 (48... Kg8 $14) 49. Ra6 $18 Qxe3+ (49... Qc5 $142 50. Qxc5 dxc5) 50. Kxe3 {KR-KR} Rc8 (50... f4+ {might work better.} 51. gxf4 Rxf4) 51. Rc6 $1 {[%cal Rc6c8]} Rb8 52. b6 Kg7 53. Kd4 Kf6 54. Kc4 Ke5 55. Kb5 Kd4 56. e4 $2 (56. Ka6 $18) 56... g4 $1 $11 {[%cal Rg4f3]} 57. fxg4 $2 {[%mdl 8192]} (57. f4 $11 {and White stays safe.} fxe4 58. Rc7) 57... fxe4 $19 58. Rc7 $2 (58. Ka6 e3 59. Rc7) 58... e5 59. Rc4+ Kd3 60. Ra4 e3 61. Kc6 e2 62. Ra1 {[#]} Kd2 (62... d5 $142 $1 {[%mdl 512]} 63. Kc7 (63. Kxd5 Rxb6) 63... Rf8) 63. Kc7 {[#]} (63. h4 {only move.} d5 64. Kc7) 63... Rg8 $2 ({Black should try} 63... Re8 $1 $19 64. h4 e1=Q 65. Rxe1 Kxe1) 64. b7 $11 Rg7+ 65. Kc6 $1 Rg8 66. h4 e1=Q ({And not} 66... e1=R 67. Ra8 $18) 67. Rxe1 Kxe1 68. g5 $1 {[%cal Rg5h6]} hxg5 69. hxg5 {KR-K3P} Kf2 70. Kc7 e4 {Threatens to win with ...e3.} 71. b8=Q Rxb8 72. Kxb8 {KPP-KPP} e3 {And now ...e2 would win.} 73. g6 e2 74. g7 e1=Q 75. g8=Q {KQ-KQ} Qe5 {...d5+ is the strong threat.} 76. g4 (76. Qf7+ $11 {keeps the balance.} Kxg3 77. Qb3+ Kf4 78. Qf7+ Qf5 79. Qc4+ Qe4 80. Qc1+ Qe3 81. Qc4+ Ke5 82. Qg4) 76... d5+ $17 77. Kb7 {[#]} d4 $1 {[%cal Rd4d3] White must now prevent ...d3.} 78. Qc4 Qe3 $2 (78... Qe4+ $19 79. Kb6 Qe3 80. Qc2+ Kg3 81. Qc7+ Kxg4 82. Qd7+ Kg3 83. Qc7+ Kf3 84. Qc6+ Qe4) 79. g5 $11 {The position is equal.} d3 80. Qh4+ Ke2 81. Qg4+ Ke1 {aiming for ...d2.} (81... Kf1 $5 82. g6 $8 d2 $11) 82. Qh4+ Ke2 83. Qg4+ Qf3+ 84. Qxf3+ Kxf3 85. g6 d2 86. g7 d1=Q {( -> ...Qd7+)} 87. g8=Q Ke4 {Precision: White = 52%, Black = 45%.} 1/2-1/2